• 首页
  • 本馆介绍
  • 公告通知
  • 最新文献
  • 馆藏检索
  • 电子资源
  • 读者导购
  • 参考咨询
  • 我的图书馆
  • 登录
  • 详细信息显示
  • 放入我的书架
  • 预约/预借图书
  • 作者相关作品
  • 分类相关作品
  • 丛书相关作品
  • 出版社相关作品

书目信息

  • 表格格式
  • 工作单格式
  • 卡片格式
题名:
铸工基础知识
    
 
作者: 云南内燃机厂
分册:  
出版信息: 昆明   云南人民出版社  1973.12
页数: 355页
开本: 19cm
丛书名:
单 册:
中图分类: TG24
科图分类:
主题词: 铸造--工艺
电子资源:
ISBN:
000 00486nam0 2200181 45
001 0405211188
005 20060509151858.14
010    @dCNY8.00
100    @a20040521d1973 km y0chiy0120 ea
101 0  @achi
200 1  @a铸工基础知识@AZhu Gong Ji Chu Zhi Shi@f云南内燃机厂@FYun Nan Nei Ran Ji Chang
210    @a昆明@c云南人民出版社@d1973.12
215    @a355页@d19cm
606 0  @a铸造@x工艺
690    @aTG24@v3
701  0 @a云南内燃机厂
801    @aCN@bPftUser@c20060509
905    @dTG24@e2
    
    铸工基础知识/云南内燃机厂.-昆明:云南人民出版社,1973.12
    355页;19cm
    
    
    ISBN :CNY8.00
    
●
相关链接 在E读中查询图书 在五车中查询图书 在当当中查询图书 在豆瓣中查询图书


正题名:铸工基础知识     索取号:TG24/2         预约/预借

序号 登录号 条形码 馆藏地/架位号 状态 备注
1 0016825   202316797   密集书库/ [索取号:TG24/2] 在馆    
2 0016826   202316751   密集书库/ [索取号:TG24/2] 在馆    
3 0016828   001362705   第三借阅区/ [索取号:TG24/2] 在馆    
唐山师范学院图书馆 欢迎您!
大连网信软件有限公司© 版权所有